ABC ya me lo se! : (Record no. 15900)

MARC details
000 -LEADER
fixed length control field 00995 a2200253 4500
001 - CONTROL NUMBER
control field sjds
003 - CONTROL NUMBER IDENTIFIER
control field sjds
005 - DATE AND TIME OF LATEST TRANSACTION
control field 20240506173745.0
008 - FIXED-LENGTH DATA ELEMENTS--GENERAL INFORMATION
fixed length control field 240506b |||||||| |||| 00| 0 spa d
020 ## - INTERNATIONAL STANDARD BOOK NUMBER
International Standard Book Number 9780395787113
020 ## - INTERNATIONAL STANDARD BOOK NUMBER
International Standard Book Number 0395787114
040 ## - CATALOGING SOURCE
Transcribing agency sjds
041 ## - LANGUAGE CODE
Language code of text/sound track or separate title spa
100 ## - MAIN ENTRY--PERSONAL NAME
Personal name Canetti, Yanitzia
245 ## - TITLE STATEMENT
Title ABC ya me lo se! :
Remainder of title un alfabeto escolar /
Statement of responsibility, etc. Yanitzia Canetti ; Diane Paterson (Illustrator)
260 ## - PUBLICATION, DISTRIBUTION, ETC. (IMPRINT)
Place of publication, distribution, etc. Boston, MA :
Name of publisher, distributor, etc. Houghton Mifflin Co.,
Date of publication, distribution, etc. 1997
300 ## - PHYSICAL DESCRIPTION
Extent 38 pages :
Other physical details illustrations ;
Dimensions 54 cm
505 ## - FORMATTED CONTENTS NOTE
Formatted contents note ABC ya me lo se! : un alfabeto escolar / Yanitzia Canetti<br/>Que es lo que ves? : un alfabeto fotografico / por Arlene Alda<br/>En clase con Leo Leon : un diccionario de dibujos / por Lisa Haughom<br/>Dilo con senas : un ensayo fotografico interactibo<br/>AAA... mi abuelita me dara : un poema / por Alma Flor Ada
700 ## - ADDED ENTRY--PERSONAL NAME
Personal name Paterson, Diane
Relator term Illustrator
700 ## - ADDED ENTRY--PERSONAL NAME
Personal name Ada, Alma Flor
700 ## - ADDED ENTRY--PERSONAL NAME
Personal name Alda, Arlene
700 ## - ADDED ENTRY--PERSONAL NAME
Personal name Haughom, Lisa
942 ## - ADDED ENTRY ELEMENTS (KOHA)
Koha item type Libro/Book
Holdings
Withdrawn status Lost status Damaged status Not for loan Home library Current library Date acquired Inventory number Total Checkouts Barcode Date last seen Date checked out Price effective from Koha item type
        Sevadilla -- Satellite Sevadilla -- Satellite 31/05/2016 Inventory date: 7/7/25 1 35400078 24/08/2021 25/05/2021 31/05/2016 Libro/Book

Powered by Koha